000 00679nam a2200229 a 4500
999 _c2378
_d2378
001 2378
003 BD-JhCC
005 20171101182156.0
008 171101s2012 bg |||| ||a| 00| 0 ben d
020 _a9789849019312
035 _a(BD-JhCC) 2378
040 _aBD-JhCC
_dBD-JhCC
041 _aben
082 _a923.1
_bWaL 2012
100 _aওয়ালীউল্লাহ, আন মারি
245 _aআমার স্বামী ওয়ালী /
_c আন মারি ওয়ালীউল্লাহ,
260 _aঢাকা :
_bপ্রথমা ,
300 _a72 p .:
_c7 cm .
650 _aBiography
942 _2ddc
_cBK